| 000 | 00429nam a2200145Ia 4500 | ||
|---|---|---|---|
| 008 | 230312s9999||||xx |||||||||||||| ||und|| | ||
| 020 | _a81-272-3414-1 | ||
| 082 |
_a657.42 _bJAI-C |
||
| 100 | _aJain,S.P. | ||
| 245 | 0 | _aCost and Management Accounting | |
| 260 |
_bKalyani _aNew Delhi _c1994 |
||
| 546 | _aEng. | ||
| 650 |
_aManagement _vNature and Scope of Cost Accounting , Cost Analysis, Concepts and Classifaicatio |
||
| 942 | _cBK | ||
| 999 |
_c4855 _d4855 |
||